| 000 | 00482nam a22001937a 4500 | ||
|---|---|---|---|
| 003 | MPLRDC | ||
| 005 | 20220104124641.0 | ||
| 008 | 210129b ||||| |||| 00| 0 eng d | ||
| 020 | _a986-127-584-3 | ||
| 082 | _a857.62 DIN-2 v.3 | ||
| 100 | _aS. S. VAN DINE | ||
| 245 |
_a金丝雀杀人事件 _c祁霖 译 |
||
| 250 | _a初版 | ||
| 260 |
_a台湾 _b侦查馆 _c2006 |
||
| 300 | _b322 | ||
| 490 | _a大师经典: 03 | ||
| 650 | _a推理小说 | ||
| 942 |
_cBK _o857.62 DIN-2 v.3 |
||
| 999 |
_c21040 _d21030 |
||